Mapeh 7 for today's learner : (Record no. 5134)
[ view plain ]
| 000 -LEADER | |
|---|---|
| fixed length control field | 00647nam a22002057a 4500 |
| 003 - CONTROL NUMBER IDENTIFIER | |
| control field | OSt |
| 005 - DATE AND TIME OF LATEST TRANSACTION | |
| control field | 20251027022643.0 |
| 008 - FIXED-LENGTH DATA ELEMENTS--GENERAL INFORMATION | |
| fixed length control field | 251027b |||||||| |||| 00| 0 eng d |
| 020 ## - INTERNATIONAL STANDARD BOOK NUMBER | |
| International Standard Book Number | 978-971-06-06 |
| 040 ## - CATALOGING SOURCE | |
| Original cataloging agency | DWCL - Main Lib |
| Transcribing agency | OC |
| 082 ## - DEWEY DECIMAL CLASSIFICATION NUMBER | |
| Edition number | 2nd |
| Classification number | Res. 700 M672m 2024 |
| 100 ## - MAIN ENTRY--PERSONAL NAME | |
| Personal name | Miranda, Quennie S. |
| 245 ## - TITLE STATEMENT | |
| Title | Mapeh 7 for today's learner : |
| Remainder of title | music and arts / |
| Statement of responsibility, etc. | Quennie S. Miranda |
| 260 ## - PUBLICATION, DISTRIBUTION, ETC. | |
| Place of publication, distribution, etc. | Quezon City, Philippines : |
| Name of publisher, distributor, etc. | Phoenix Publishing House, |
| Date of publication, distribution, etc. | c2024. |
| 300 ## - PHYSICAL DESCRIPTION | |
| Extent | v, 185 pages : |
| Other physical details | illustrations ; |
| Dimensions | 25 cm. |
| 504 ## - BIBLIOGRAPHY, ETC. NOTE | |
| Bibliography, etc. note | Includes bibliography. |
| 650 ## - SUBJECT ADDED ENTRY--TOPICAL TERM | |
| Topical term or geographic name entry element | 1. Arts |
| 650 ## - SUBJECT ADDED ENTRY--TOPICAL TERM | |
| Topical term or geographic name entry element | 2. Music |
| 942 ## - ADDED ENTRY ELEMENTS (KOHA) | |
| Source of classification or shelving scheme | Dewey Decimal Classification |
| Koha item type | Book- Reserved |
| Edition | 2nd |
| Call number suffix | Res. |
| Suppress in OPAC | No |
| 952 ## - LOCATION AND ITEM INFORMATION (KOHA) | |
| -- | |
| 952 ## - LOCATION AND ITEM INFORMATION (KOHA) | |
| -- | |
| Withdrawn status | Lost status | Source of classification or shelving scheme | Damaged status | Not for loan | Home library | Current library | Shelving location | Date acquired | Source of acquisition | Total Checkouts | Full call number | Barcode | Date last seen | Copy number | Price effective from | Koha item type | Uniform Resource Identifier |
|---|---|---|---|---|---|---|---|---|---|---|---|---|---|---|---|---|---|
| Dewey Decimal Classification | Junior High School Library | Junior High School Library | Reserved | 10/08/2024 | School Fund | Res. 700 M672m 2024 | JHS - 21412 | 10/27/2025 | c2 | 10/27/2025 | BK-0 CIRC | ||||||
| Dewey Decimal Classification | Junior High School Library | Junior High School Library | Reserved | 10/08/2024 | School Fund | Res. 700 M672m 2024 | JHS - 21411 | 10/27/2025 | c1 | 10/27/2025 | BK-0 CIRC |